| 000 | 00884nam a22002897a 4500 | ||
|---|---|---|---|
| 003 | CHAP | ||
| 005 | 20220329140339.0 | ||
| 008 | 971013s1980 r 00010 d | ||
| 010 | _a50769 | ||
| 011 | _a51741 | ||
| 035 | _a55891 | ||
| 040 | _cCHAP | ||
| 082 |
_a583 _bV6 |
||
| 100 | 0 | 0 |
_aVogel, E. F. _9120602 |
| 245 | _aSeedlings of dicotyledons | ||
| 260 |
_aWageningen : _bCentre for Agricultural Publishing and Documentation, _c1980 |
||
| 300 |
_a465 p. _b; láms. : ilus. |
||
| 590 |
_aBATCH-UPD _b10 _c20130110 _lUCH01 _h0541 |
||
| 590 |
_aBATCH-UPD _b10 _c20130410 _lUCH01 _h0222 |
||
| 590 |
_aBATCH-UPD _b10 _c20130914 _lUCH01 _h1204 |
||
| 590 |
_aCONVERSION _b10 _c20130109 _lUCH01 _h1328 |
||
| 650 | 1 | 4 |
_aDicotiledóneas. _932483 |
| 650 | 1 | 4 |
_aPlántulas. _989193 |
| 901 | _aBK | ||
| 942 | _cLIBRO | ||
| 949 |
_a583 V6 _bBC _cLIBRO _d33724000454617 _eLIBRO _h56584 _i55891 _si _t3.18 |
||
| 999 |
_c50769 _d50769 |
||